[Event "DVM U14 2018"]
[Site "Magdeburg GER"]
[Date "2018.12.28"]
[Round "3"]
[White "Yi, Danny"]
[Black "Weihrauch, Jakob"]
[Result "0-1"]
[Termination "normal"]
[Board "2.1"]
[WhiteElo "2133"]
[BlackElo "2087"]
[WhiteClock "00:09:48"]
[BlackClock "00:22:34"]
[WhiteTeam "SF 59 Kornwestheim"]
[BlackTeam "Hamburger SK"]
[PlyCount "114"]
[WhiteFideId "12988588"]
[BlackFideId "16210115"]
[EventCountry "GER"]
[EventRounds "7"]
[EventType "team-swiss"]
[EventDate "2018.12.26"]

1. e4 c5 2. Ne2 Nf6 3. Nbc3 d5 4. exd5 Nxd5 5. g3 Nxc3 6. Nxc3 Bd7 7. Bg2 Bc6
8. O-O g6 9. d3 Bg7 10. Be3 Bxg2 11. Kxg2 Nc6 12. Re1 Rc8 13. Ne4 b6 14. Bf4
O-O 15. c3 Qd5 16. Qf3 Rcd8 17. Red1 Rd7 18. d4 cxd4 19. c4 Qxc4 20. Nd6 exd6
21. Rdc1 Qe6 22. Qxc6 d5 23. Qb5 Re7 24. Re1 Qxe1 25. Rxe1 Rxe1 26. Qxd5 Rfe8
27. Qd7 R1e7 28. Qd5 h6 29. h4 h5 30. Bg5 Rc7 31. Qb5 Re5 32. Qd3 Ra5 33. a3
Kh7 34. Bf4 Rd7 35. Bd2 Rc5 36. Bf4 Rd8 37. Bg5 Rdc8 38. Qb3 Rc2 39. Kf1 R8c5
40. Bf4 d3 41. Qxd3 Rxb2 42. Qd7 Rf5 43. Kg2 Be5 44. Be3 a5 45. Qd8 Ra2 46. Qd3
b5 47. Qxb5 Bd4 48. Qb3 Bxe3 49. Qxa2 Rxf2+ 50. Qxf2 Bxf2 51. Kxf2 Kg7 52. Ke3
Kf6 53. Kd4 g5 54. hxg5+ Kxg5 55. Kc5 Kg4 56. Kb5 Kxg3 57. Kxa5 h4 0-1

[Event "DVM U14 2018"]
[Site "Magdeburg GER"]
[Date "2018.12.28"]
[Round "3"]
[White "Kotyk, Michael"]
[Black "Afonso, Nils"]
[Result "0-1"]
[Termination "normal"]
[Board "2.2"]
[WhiteElo "2016"]
[BlackElo "2012"]
[WhiteClock "00:23:58"]
[BlackClock "00:47:07"]
[WhiteTeam "Hamburger SK"]
[BlackTeam "SF 59 Kornwestheim"]
[PlyCount "55"]
[WhiteFideId "16214501"]
[BlackFideId "12990582"]
[EventCountry "GER"]
[EventRounds "7"]
[EventType "team-swiss"]
[EventDate "2018.12.26"]

1. d4 Nf6 2. c4 g6 3. Nc3 d5 4. cxd5 Nxd5 5. e4 Nxc3 6. bxc3 Bg7 7. Qa4+ Nd7 8.
Nf3 O-O 9. Be3 c5 10. Qa3 cxd4 11. cxd4 Nb6 12. Be2 Bg4 13. Rd1 Bxf3 14. gxf3
Qd7 15. O-O Rfc8 16. Qb3 Qa4 17. Rc1 Qa5 18. Rc5 Qa4 19. Rfc1 Qd7 20. f4 e6 21.
Bb5 Qd8 22. Qc2 Bxd4 23. Rc7 Bxe3 24. fxe3 a6 25. Be2 Rxc7 26. Qxc7 Qd2 27. Kf2
Rc8 28. Rd1 0-1

[Event "DVM U14 2018"]
[Site "Magdeburg GER"]
[Date "2018.12.28"]
[Round "3"]
[White "Kluge, Malte"]
[Black "von Krosigk, Florian"]
[Result "1/2-1/2"]
[Termination "normal"]
[Board "2.3"]
[WhiteElo "1584"]
[BlackElo "1935"]
[WhiteClock "00:35:06"]
[BlackClock "00:02:54"]
[WhiteTeam "SF 59 Kornwestheim"]
[BlackTeam "Hamburger SK"]
[PlyCount "60"]
[WhiteFideId "16243838"]
[BlackFideId "16227808"]
[EventCountry "GER"]
[EventRounds "7"]
[EventType "team-swiss"]
[EventDate "2018.12.26"]

1. d4 Nf6 2. c4 e6 3. Nc3 Bb4 4. f3 d5 5. a3 Bxc3+ 6. bxc3 O-O 7. e3 b6 8. cxd5
exd5 9. Bd3 Re8 10. Ne2 c5 11. Qc2 Qe7 12. Ng3 Nc6 13. O-O Bb7 14. Bd2 Rac8 15.
Bf5 Rc7 16. e4 cxd4 17. exd5 Nxd5 18. Rfe1 Ne3 19. Bxe3 dxe3 20. Bxh7+ Kh8 21.
Be4 Qc5 22. Qe2 Qxc3 23. Qxe3 Qxe3+ 24. Rxe3 Nd4 25. Rd3 Bxe4 26. Nxe4 Ne2+ 27.
Kf2 Nf4 28. Rd2 Re5 29. h4 f6 30. Rad1 Ra5 1/2-1/2

[Event "DVM U14 2018"]
[Site "Magdeburg GER"]
[Date "2018.12.28"]
[Round "3"]
[White "Klaas, Heiko"]
[Black "Afonso, Phil"]
[Result "1-0"]
[Termination "normal"]
[Board "2.4"]
[WhiteElo "1718"]
[BlackElo "1595"]
[WhiteClock "00:23:14"]
[BlackClock "01:02:12"]
[WhiteTeam "Hamburger SK"]
[BlackTeam "SF 59 Kornwestheim"]
[PlyCount "49"]
[WhiteFideId "16215940"]
[BlackFideId "16207475"]
[EventCountry "GER"]
[EventRounds "7"]
[EventType "team-swiss"]
[EventDate "2018.12.26"]

1. e4 e5 2. Nf3 Nc6 3. Bc4 Bc5 4. c3 Nf6 5. d4 exd4 6. e5 Qe7 7. O-O Ng4 8.
cxd4 Bb6 9. h3 Nh6 10. d5 Nd8 11. d6 cxd6 12. Bg5 Qf8 13. exd6 Ne6 14. Re1 Bd8
15. Bf4 Bf6 16. Qa4 Kd8 17. Bxe6 fxe6 18. Nc3 Bxc3 19. bxc3 Nf7 20. Rad1 b6 21.
Qc4 h6 22. Qc7+ Ke8 23. Rxe6+ dxe6 24. d7+ Ke7 25. d8=Q# 1-0

[Event "DVM U14 2018"]
[Site "Magdeburg GER"]
[Date "2018.12.28"]
[Round "3"]
[White "Lutz, Ruben"]
[Black "Skabs, Denis"]
[Result "1-0"]
[Termination "normal"]
[Board "3.1"]
[WhiteElo "2037"]
[BlackElo "1706"]
[WhiteClock "00:32:51"]
[BlackClock "00:18:18"]
[WhiteTeam "USV TU Dresden"]
[BlackTeam "SF Brackel"]
[PlyCount "91"]
[WhiteFideId "12975974"]
[BlackFideId "16248449"]
[EventCountry "GER"]
[EventRounds "7"]
[EventType "team-swiss"]
[EventDate "2018.12.26"]

1. d4 d5 2. c4 e6 3. Nc3 c6 4. cxd5 exd5 5. Nf3 Bf5 6. Bf4 Nf6 7. e3 Nbd7 8.
Bd3 Bxd3 9. Qxd3 Be7 10. O-O O-O 11. h3 Rc8 12. Rac1 Re8 13. Rc2 Nf8 14. Rb1
Ng6 15. Bh2 Bd6 16. Bxd6 Qxd6 17. b4 Ne4 18. b5 Qf6 19. Rbc1 Rcd8 20. bxc6 bxc6
21. Na4 Nh4 22. Nxh4 Qxh4 23. Nc5 Nd6 24. Qa6 Rc8 25. Qxa7 Qe7 26. Qxe7 Rxe7
27. Rb2 Nc4 28. Rb4 Ra7 29. a4 f6 30. Rcb1 Na5 31. Rb8 Rxb8 32. Rxb8+ Kf7 33.
Kf1 Ke7 34. Ke2 Kd6 35. Rd8+ Ke7 36. Rh8 h6 37. Rb8 Kd6 38. Kf3 Kc7 39. Rg8 Kd6
40. Rd8+ Ke7 41. Rb8 Kd6 42. Kg4 Kc7 43. Rg8 Kd6 44. Kf5 Nc4 45. Re8 Nb2 46.
Re6+ 1-0

[Event "DVM U14 2018"]
[Site "Magdeburg GER"]
[Date "2018.12.28"]
[Round "3"]
[White "Eberwein, Leander"]
[Black "Lutz, Adam"]
[Result "0-1"]
[Termination "normal"]
[Board "3.2"]
[WhiteElo "1332"]
[BlackElo "1782"]
[WhiteClock "00:01:09"]
[BlackClock "01:16:09"]
[WhiteTeam "SF Brackel"]
[BlackTeam "USV TU Dresden"]
[PlyCount "48"]
[WhiteFideId "16274954"]
[BlackFideId "16226615"]
[EventCountry "GER"]
[EventRounds "7"]
[EventType "team-swiss"]
[EventDate "2018.12.26"]

1. e4 c5 2. d4 cxd4 3. c3 dxc3 4. Nxc3 d6 5. Bc4 Nf6 6. Nf3 e6 7. O-O Be7 8.
Bf4 a6 9. Rc1 O-O 10. Qd2 b5 11. Bd3 Bb7 12. Rfd1 Qb6 13. h3 b4 14. Na4 Qa5 15.
Bc2 Nxe4 16. Bxe4 Bxe4 17. Bxd6 Bxd6 18. Qxd6 Qxa4 19. Ng5 Bd5 20. Nxh7 Nd7 21.
Nxf8 Rxf8 22. b3 Qb5 23. Rc7 Nf6 24. Rdc1 Ne8 0-1

[Event "DVM U14 2018"]
[Site "Magdeburg GER"]
[Date "2018.12.28"]
[Round "3"]
[White "Peukert, Marc"]
[Black "Vetter, Moritz Friedrich"]
[Result "1/2-1/2"]
[Termination "normal"]
[Board "3.3"]
[WhiteElo "1510"]
[BlackElo "1421"]
[WhiteClock "00:37:54"]
[BlackClock "00:25:25"]
[WhiteTeam "USV TU Dresden"]
[BlackTeam "SF Brackel"]
[PlyCount "112"]
[WhiteFideId "16259440"]
[BlackFideId "16274962"]
[EventCountry "GER"]
[EventRounds "7"]
[EventType "team-swiss"]
[EventDate "2018.12.26"]

1. Nf3 d5 2. c4 e6 3. e3 Nf6 4. Nc3 c5 5. d4 Nc6 6. Be2 b6 7. O-O Bd6 8. b3 O-O
9. Bb2 Bb7 10. Qd2 Bb8 11. Rac1 a6 12. dxc5 bxc5 13. cxd5 exd5 14. Na4 Qd6 15.
Bxf6 gxf6 16. Nxc5 Ne5 17. Nxe5 Qxe5 18. g3 Bc8 19. Bf3 Ra7 20. Qxd5 Qb2 21. b4
a5 22. bxa5 Rxa5 23. Rb1 Qa3 24. Rxb8 Rxc5 25. Qb3 Qa7 26. Ra8 Qc7 27. a4 Kg7
28. Kg2 Rf5 29. Be4 Re5 30. Qd3 Rxe4 31. Rxc8 Rxe3 32. Rxc7 Rxd3 33. Ra1 Ra8
34. a5 Rd6 35. Rc5 Kg6 36. Kh3 f5 37. f4 Raa6 38. Rb5 Re6 39. Rab1 Kf6 40. Kh4
Kg6 41. h3 h5 42. Rc1 Ra8 43. Rcc5 Rf6 44. g4 hxg4 45. hxg4 fxg4 46. Rg5+ Kh7
47. Rh5+ Kg7 48. Rbg5+ Rg6 49. Kxg4 f5+ 50. Kxf5 Rxa5+ 51. Kg4 Ra1 52. Rh4 Rg1+
53. Kf5 R6xg5+ 54. fxg5 Rf1+ 55. Kg4 Rg1+ 56. Kh5 Rf1 1/2-1/2

[Event "DVM U14 2018"]
[Site "Magdeburg GER"]
[Date "2018.12.28"]
[Round "3"]
[White "Butusov, Maxim"]
[Black "Günther, Fabian"]
[Result "0-1"]
[Termination "normal"]
[Board "3.4"]
[WhiteElo "957"]
[BlackElo "1485"]
[WhiteClock "01:27:02"]
[BlackClock "01:19:40"]
[WhiteTeam "SF Brackel"]
[BlackTeam "USV TU Dresden"]
[PlyCount "68"]
[WhiteFideId "16264320"]
[BlackFideId "16240294"]
[EventCountry "GER"]
[EventRounds "7"]
[EventType "team-swiss"]
[EventDate "2018.12.26"]

1. e4 c5 2. d4 cxd4 3. c3 dxc3 4. Nxc3 d6 5. Qd5 e6 6. Bb5+ Nd7 7. Bxd7+ Qxd7
8. Qb5 Nf6 9. Qxd7+ Bxd7 10. Bg5 Bc6 11. Bxf6 gxf6 12. b4 f5 13. f3 fxe4 14.
fxe4 Bg7 15. Nge2 Bxe4 16. Rd1 Bxg2 17. Rg1 Bxc3+ 18. Nxc3 Bd5 19. Nxd5 exd5
20. Rxd5 Kd7 21. Rg7 Ke6 22. Rd2 Rae8 23. Re2+ Kf6 24. Rxe8 Rxe8+ 25. Kd2 Kxg7
26. Kd3 f5 27. Kd4 f4 28. Kd5 f3 29. Kxd6 f2 30. Kc7 f1=Q 31. Kxb7 Qb5+ 32. Kc7
Qb6+ 33. Kd7 Rd8+ 34. Ke7 Qd6# 0-1

[Event "DVM U14 2018"]
[Site "Magdeburg GER"]
[Date "2018.12.28"]
[Round "3"]
[White "Sulayev, Daniel"]
[Black "Liebold, Aaron"]
[Result "1-0"]
[Termination "normal"]
[Board "4.1"]
[WhiteElo "2061"]
[BlackElo "1892"]
[WhiteClock "01:08:39"]
[BlackClock "00:30:14"]
[WhiteTeam "SV Empor Berlin"]
[BlackTeam "ESV Gera"]
[PlyCount "85"]
[WhiteFideId "12977675"]
[BlackFideId "12997846"]
[EventCountry "GER"]
[EventRounds "7"]
[EventType "team-swiss"]
[EventDate "2018.12.26"]

1. Nf3 Nf6 2. g3 d5 3. Bg2 b6 4. c4 e6 5. b3 Bb7 6. Bb2 Be7 7. O-O O-O 8. d3 c5
9. e3 Nc6 10. Qe2 Qc7 11. Nbd2 Rfd8 12. Rfd1 Rd7 13. Rac1 d4 14. e4 e5 15. a3
Rdd8 16. Rb1 Bc8 17. Bc1 a5 18. Rf1 Bd6 19. h3 Ne7 20. Nxe5 Bxe5 21. f4 Ng6 22.
fxe5 Qxe5 23. Kh2 Bb7 24. Nf3 Qc7 25. Bg5 Nh5 26. Qf2 Rf8 27. Ng1 h6 28. Bd2
Ne5 29. Qe2 Nf6 30. Rxf6 gxf6 31. Bxh6 Rfe8 32. Rf1 Re6 33. Qh5 Qc6 34. Rf5 Ng6
35. Nf3 Re5 36. Nxe5 fxe5 37. Bg5 Bc8 38. Rf6 Qe8 39. Rxb6 Qf8 40. Bf3 Ra6 41.
Rxa6 Bxa6 42. Bg4 Qg7 43. Bf5 1-0

[Event "DVM U14 2018"]
[Site "Magdeburg GER"]
[Date "2018.12.28"]
[Round "3"]
[White "Müller, Magnus"]
[Black "Breitzmann, Sander"]
[Result "0-1"]
[Termination "normal"]
[Board "4.2"]
[WhiteElo "1830"]
[BlackElo "1845"]
[WhiteClock "00:39:31"]
[BlackClock "00:21:21"]
[WhiteTeam "ESV Gera"]
[BlackTeam "SV Empor Berlin"]
[PlyCount "76"]
[WhiteFideId "16230060"]
[BlackFideId "12987085"]
[EventCountry "GER"]
[EventRounds "7"]
[EventType "team-swiss"]
[EventDate "2018.12.26"]

1. d4 Nf6 2. Bf4 e6 3. e3 b6 4. Nf3 Bb7 5. Bd3 Be7 6. h3 d6 7. c3 Nbd7 8. Qe2
Ne4 9. a4 a5 10. Na3 O-O 11. O-O f5 12. c4 Ndf6 13. Ng5 Nxg5 14. Bxg5 Qe8 15.
d5 Nxd5 16. cxd5 Bxg5 17. Nb5 Bd8 18. Rfc1 Bxd5 19. Nxc7 Bxc7 20. Rxc7 Rc8 21.
Rxc8 Qxc8 22. e4 fxe4 23. Bxe4 Qc4 24. Qxc4 Bxc4 25. Rc1 d5 26. Bf3 Kf7 27. Bd1
Rc8 28. f4 Rc5 29. Kf2 d4 30. b3 Bd3 31. Rxc5 bxc5 32. Ke1 Kf6 33. Kf2 e5 34.
fxe5+ Kxe5 35. g3 h6 36. h4 Bg6 37. Kf3 Bh5+ 38. g4 Bg6 0-1

[Event "DVM U14 2018"]
[Site "Magdeburg GER"]
[Date "2018.12.28"]
[Round "3"]
[White "Beer, Ludwig"]
[Black "Schubert, Nikita"]
[Result "1/2-1/2"]
[Termination "normal"]
[Board "4.3"]
[WhiteElo "1549"]
[BlackElo "1969"]
[WhiteClock "00:09:18"]
[BlackClock "00:01:42"]
[WhiteTeam "SV Empor Berlin"]
[BlackTeam "ESV Gera"]
[PlyCount "54"]
[WhiteFideId "16202813"]
[BlackFideId "16212339"]
[EventCountry "GER"]
[EventRounds "7"]
[EventType "team-swiss"]
[EventDate "2018.12.26"]

1. e4 e5 2. Nf3 Nc6 3. Bc4 Bc5 4. c3 Nf6 5. d3 O-O 6. Nbd2 d5 7. exd5 Nxd5 8.
Ne4 Be7 9. O-O Nb6 10. Bb3 Bf5 11. Qe2 Bg6 12. Bg5 Bxg5 13. Nfxg5 h6 14. Nf3
Qe7 15. Ng3 Rfe8 16. Rfe1 Qd7 17. Ne4 Qe7 18. Ng3 Kf8 19. d4 exd4 20. Nxd4 Nxd4
21. cxd4 Qxe2 22. Rxe2 Rxe2 23. Nxe2 Rd8 24. Rd1 Nd5 25. Nc3 Nxc3 26. bxc3 b5
27. f3 Ke7 1/2-1/2

[Event "DVM U14 2018"]
[Site "Magdeburg GER"]
[Date "2018.12.28"]
[Round "3"]
[White "Helmsdorf, Marius"]
[Black "Fricke, Janek Konrad"]
[Result "1-0"]
[Termination "normal"]
[Board "4.4"]
[WhiteElo "1533"]
[BlackElo "1503"]
[WhiteClock "00:31:10"]
[BlackClock "00:30:15"]
[WhiteTeam "ESV Gera"]
[BlackTeam "SV Empor Berlin"]
[PlyCount "103"]
[WhiteFideId "16274873"]
[BlackFideId "12997471"]
[EventCountry "GER"]
[EventRounds "7"]
[EventType "team-swiss"]
[EventDate "2018.12.26"]

1. c4 c5 2. e3 d6 3. g3 Nc6 4. Bg2 e5 5. Ne2 Be6 6. d3 Nf6 7. e4 Qd7 8. O-O Bg4
9. f3 Bh3 10. f4 h5 11. f5 Bg4 12. h3 Bxe2 13. Qxe2 Nd4 14. Qf2 Be7 15. Nc3
O-O-O 16. Nd5 Nxd5 17. exd5 Bf6 18. Rb1 Qa4 19. b3 Qb4 20. Qd2 Qb6 21. Kh2 Rdg8
22. b4 Be7 23. a4 a5 24. b5 Bd8 25. Rb2 Qa7 26. Qd1 b6 27. Be3 f6 28. h4 g6 29.
fxg6 Rxg6 30. Bxd4 cxd4 31. Rf5 Qg7 32. Rxh5 Rxh5 33. Qxh5 Rxg3 34. Qf5+ Kb7
35. Bh3 Bc7 36. Qc8+ Ka7 37. Qa6+ Kb8 38. Qc8+ Ka7 39. Qa6+ Kb8 40. Bc8 Bd8 41.
Bb7 Qxb7 42. Qxb7+ Kxb7 43. Kxg3 f5 44. Rf2 f4+ 45. Kg4 Kc7 46. h5 Kd7 47. h6
Bf6 48. Kf3 Ke7 49. Rg2 Kf7 50. h7 Bg7 51. Rh2 Bh8 52. Rh6 1-0

[Event "DVM U14 2018"]
[Site "Magdeburg GER"]
[Date "2018.12.28"]
[Round "3"]
[White "Hetzner, Hannes"]
[Black "Astner, Sebastian"]
[Result "1-0"]
[Termination "normal"]
[Board "5.1"]
[WhiteElo "1895"]
[BlackElo "1907"]
[WhiteTeam "SC Erlangen"]
[BlackTeam "FC Ergolding"]
[PlyCount "107"]
[WhiteFideId "16211936"]
[BlackFideId "12979422"]
[EventCountry "GER"]
[EventRounds "7"]
[EventType "team-swiss"]
[EventDate "2018.12.26"]

1. d4 d5 2. c4 c6 3. Nf3 f5 4. g3 Nf6 5. Bg2 e6 6. O-O Bd6 7. b3 O-O 8. Bb2 b6
9. Nbd2 Bb7 10. Rc1 Nbd7 11. Ne5 Bxe5 12. dxe5 Ng4 13. Nf3 Qb8 14. h3 Ngxe5 15.
Nxe5 Nxe5 16. Qd4 dxc4 17. Rxc4 Rd8 18. Qxe5 Qxe5 19. Bxe5 Rd2 20. Bxc6 Bxc6
21. Rxc6 Rxe2 22. f4 Rd8 23. Rf2 Re3 24. Kg2 Rdd3 25. Rc8+ Kf7 26. Rc7+ Kf8 27.
Rxa7 Rxg3+ 28. Kf1 h6 29. Rg2 g5 30. Bg7+ Kg8 31. Rxg3 Rxg3 32. Bxh6 gxf4 33.
h4 e5 34. Re7 e4 35. Re5 Kh7 36. Re6 Rc3 37. Rxb6 Rc1+ 38. Ke2 f3+ 39. Kf2 Rc2+
40. Kf1 Rxa2 41. Bc1 Rh2 42. Rh6+ Kg7 43. Bf4 Ra2 44. Rc6 Ra3 45. h5 Ra1+ 46.
Rc1 Ra8 47. Rc7+ Kf6 48. Rc6+ Kg7 49. h6+ Kh7 50. b4 Ra1+ 51. Rc1 Ra3 52. Rc7+
Kg6 53. h7 e3 54. Bxe3 1-0

[Event "DVM U14 2018"]
[Site "Magdeburg GER"]
[Date "2018.12.28"]
[Round "3"]
[White "Lohr, Maximilian"]
[Black "Högner, Tom"]
[Result "1-0"]
[Termination "normal"]
[Board "5.2"]
[WhiteElo "1940"]
[BlackElo "1880"]
[WhiteTeam "FC Ergolding"]
[BlackTeam "SC Erlangen"]
[PlyCount "59"]
[WhiteFideId "12999717"]
[BlackFideId "12995436"]
[EventCountry "GER"]
[EventRounds "7"]
[EventType "team-swiss"]
[EventDate "2018.12.26"]

1. e4 e5 2. Nf3 Nc6 3. d4 exd4 4. Bc4 Bc5 5. c3 d6 6. cxd4 Bb4+ 7. Bd2 Bxd2+ 8.
Qxd2 Nf6 9. Nc3 Bg4 10. h3 Bxf3 11. gxf3 a6 12. Rg1 g6 13. O-O-O Qd7 14. Qg5
Nh5 15. Nd5 Na5 16. Bd3 Rf8 17. Kb1 f6 18. Qd2 Nc6 19. Rc1 O-O-O 20. Rc3 Kb8
21. Rgc1 a5 22. Bb5 Rf7 23. Bxc6 bxc6 24. Rxc6 Qc8 25. Qxa5 Rdd7 26. Nb6 Qb7
27. Nxd7+ Rxd7 28. R1c3 Kc8 29. Qd5 Rg7 30. Qxd6 1-0

[Event "DVM U14 2018"]
[Site "Magdeburg GER"]
[Date "2018.12.28"]
[Round "3"]
[White "Zeltner, Richard"]
[Black "Sowka, Patrick"]
[Result "0-1"]
[Termination "normal"]
[Board "5.3"]
[WhiteElo "1689"]
[BlackElo "1571"]
[WhiteTeam "SC Erlangen"]
[BlackTeam "FC Ergolding"]
[PlyCount "66"]
[WhiteFideId "12972703"]
[BlackFideId "16234944"]
[EventCountry "GER"]
[EventRounds "7"]
[EventType "team-swiss"]
[EventDate "2018.12.26"]

1. d4 Nf6 2. Nc3 e6 3. e4 d5 4. Bg5 Be7 5. e5 Nfd7 6. Be3 c5 7. Nf3 Nc6 8. Be2
a6 9. O-O Qc7 10. Qe1 cxd4 11. Nxd4 Qxe5 12. Qd2 Bc5 13. Nxc6 Bxe3 14. Nxe5
Bxd2 15. Nxd7 Bxd7 16. Rfd1 Bxc3 17. bxc3 Rc8 18. Rab1 Rc7 19. c4 dxc4 20. Rd4
Ke7 21. Bxc4 Rhc8 22. Bd3 Bc6 23. Kf1 Bd5 24. a4 Rd7 25. Rg4 g6 26. Ke2 Rc5 27.
g3 Ra5 28. Rh4 h5 29. Rhb4 Bc6 30. c3 Rxa4 31. R4b2 Rxd3 32. Rxb7+ Bxb7 33.
Rxb7+ Rd7 0-1

[Event "DVM U14 2018"]
[Site "Magdeburg GER"]
[Date "2018.12.28"]
[Round "3"]
[White "Handschuh, Felix"]
[Black "Wu, Wilfried"]
[Result "1-0"]
[Termination "normal"]
[Board "5.4"]
[WhiteElo "1524"]
[BlackElo "1491"]
[WhiteTeam "FC Ergolding"]
[BlackTeam "SC Erlangen"]
[PlyCount "75"]
[WhiteFideId "12997447"]
[BlackFideId "16260775"]
[EventCountry "GER"]
[EventRounds "7"]
[EventType "team-swiss"]
[EventDate "2018.12.26"]

1. e4 e6 2. d4 d5 3. exd5 exd5 4. Bd3 Nc6 5. c3 Bd6 6. h3 Nge7 7. Nf3 h6 8. Qc2
Be6 9. O-O Qd7 10. Re1 O-O-O 11. Ne5 Nxe5 12. dxe5 Bc5 13. Nd2 g5 14. Nb3 Bb6
15. Nd4 Bxd4 16. cxd4 Nf5 17. Be3 g4 18. hxg4 Nxe3 19. Rxe3 Bxg4 20. f4 Kb8 21.
f5 h5 22. Rae1 Rde8 23. b4 h4 24. Kh2 Rh6 25. a3 h3 26. g3 Rc6 27. Qf2 Rh6 28.
Qf4 Rhh8 29. Qxg4 Reg8 30. Qf3 a6 31. e6 fxe6 32. fxe6 Qe7 33. Qxd5 Rh4 34. Qd7
Qf6 35. Qf7 Rxg3 36. Rxg3 Qxd4 37. Qf8+ Ka7 38. Qc5+ 1-0

[Event "DVM U14 2018"]
[Site "Magdeburg GER"]
[Date "2018.12.28"]
[Round "3"]
[White "Kamp, Adrian"]
[Black "Koll, Linus"]
[Result "1-0"]
[Termination "normal"]
[Board "6.1"]
[WhiteElo "1895"]
[BlackElo "2018"]
[WhiteTeam "SK Münster"]
[BlackTeam "Karlsruher SF"]
[PlyCount "63"]
[WhiteFideId "16222466"]
[BlackFideId "12990299"]
[EventCountry "GER"]
[EventRounds "7"]
[EventType "team-swiss"]
[EventDate "2018.12.26"]

1. e4 c5 2. d4 cxd4 3. c3 Nf6 4. e5 Nd5 5. Nf3 Nc6 6. Bc4 Nb6 7. Bb3 d6 8. exd6
Qxd6 9. O-O Bg4 10. Bxf7+ Kd8 11. h3 h5 12. Nbd2 Bxf3 13. Nxf3 dxc3 14. Qe2 Kc7
15. Rd1 Qf6 16. Be6 Rd8 17. Bg5 Qg6 18. Bf4+ Rd6 19. bxc3 Rh6 20. Bxd6+ exd6
21. Bb3 Qf6 22. Nd4 g5 23. Nb5+ Kd7 24. c4 a6 25. Nxd6 Bxd6 26. c5 Nc8 27. cxd6
Nd4 28. Qe4 Nc6 29. Bd5 g4 30. Bxc6+ bxc6 31. hxg4 Nxd6 32. Rac1 1-0

[Event "DVM U14 2018"]
[Site "Magdeburg GER"]
[Date "2018.12.28"]
[Round "3"]
[White "Kravtsov, Maksim"]
[Black "Toval, David"]
[Result "1/2-1/2"]
[Termination "normal"]
[Board "6.2"]
[WhiteElo "1861"]
[BlackElo "1866"]
[WhiteTeam "Karlsruher SF"]
[BlackTeam "SK Münster"]
[PlyCount "83"]
[WhiteFideId "54173868"]
[BlackFideId "12992755"]
[EventCountry "GER"]
[EventRounds "7"]
[EventType "team-swiss"]
[EventDate "2018.12.26"]

1. d4 Nf6 2. c4 g6 3. Nc3 Bg7 4. g3 d6 5. Bg2 O-O 6. e3 e5 7. Nge2 Nbd7 8. O-O
Rb8 9. b3 a6 10. a4 Ne8 11. Ba3 f5 12. dxe5 Bxe5 13. Rc1 Bg7 14. Nf4 Ne5 15. c5
b5 16. axb5 axb5 17. Bb4 c6 18. cxd6 Rf6 19. Bxc6 Nxc6 20. Qd5+ Kh8 21. Qxc6
Bb7 22. Qc5 Rxd6 23. Rfd1 Rc8 24. Rxd6 Nxd6 25. Qxd6 Qxd6 26. Bxd6 Rxc3 27.
Rxc3 Bxc3 28. b4 Kg7 29. Ne6+ Kf6 30. Nd4 Bxd4 31. exd4 Ke6 32. Bc5 Bf3 33. Kf1
f4 34. Ke1 Kf5 35. Bd6 fxg3 36. fxg3 Ke4 37. Bc5 g5 38. Kf2 g4 39. Bb6 h5 40.
Bc5 Kd3 41. Bb6 Ke4 42. Bc5 1/2-1/2

[Event "DVM U14 2018"]
[Site "Magdeburg GER"]
[Date "2018.12.28"]
[Round "3"]
[White "Schröder, Lennart"]
[Black "Wang, Xinyuan"]
[Result "1-0"]
[Termination "normal"]
[Board "6.3"]
[WhiteElo "1762"]
[BlackElo "1748"]
[WhiteTeam "SK Münster"]
[BlackTeam "Karlsruher SF"]
[PlyCount "71"]
[WhiteFideId "16222490"]
[BlackFideId "16221494"]
[EventCountry "GER"]
[EventRounds "7"]
[EventType "team-swiss"]
[EventDate "2018.12.26"]

1. d4 Nf6 2. Nf3 e6 3. g3 c5 4. c4 d5 5. cxd5 Nxd5 6. Bg2 Nc6 7. O-O Be7 8.
dxc5 Bxc5 9. Qc2 Be7 10. Rd1 Bd7 11. e4 Nb6 12. Nc3 Rc8 13. Bf4 a6 14. Qe2 O-O
15. Rac1 f6 16. e5 f5 17. Be3 Na8 18. Na4 Qc7 19. Bc5 Rfe8 20. Bd6 Bxd6 21.
exd6 Qd8 22. Nc5 Rb8 23. Ne5 Nb6 24. Ncxd7 Nxd7 25. Bxc6 bxc6 26. Nxc6 Qf6 27.
Nxb8 Rxb8 28. Rc7 Nf8 29. d7 f4 30. Qd2 fxg3 31. hxg3 Rxb2 32. Qxb2 Qxb2 33.
d8=Q Qxa2 34. Qe7 Qb2 35. Qf7+ Kh8 36. Qxf8# 1-0

[Event "DVM U14 2018"]
[Site "Magdeburg GER"]
[Date "2018.12.28"]
[Round "3"]
[White "Borodaev, Roman"]
[Black "Weidemann, Jakob"]
[Result "1-0"]
[Termination "normal"]
[Board "6.4"]
[WhiteElo "1330"]
[BlackElo "1533"]
[WhiteTeam "Karlsruher SF"]
[BlackTeam "SK Münster"]
[PlyCount "107"]
[WhiteFideId "16274881"]
[BlackFideId "16255470"]
[EventCountry "GER"]
[EventRounds "7"]
[EventType "team-swiss"]
[EventDate "2018.12.26"]

1. e4 c5 2. Nf3 d6 3. d4 cxd4 4. Nxd4 Nf6 5. Nc3 g6 6. Be3 Bg7 7. f3 O-O 8. Qd2
Nc6 9. O-O-O Nxd4 10. Bxd4 Be6 11. g4 Qc7 12. Kb1 Rfc8 13. Be2 Qa5 14. a3 a6
15. g5 Nd7 16. f4 Bxd4 17. Qxd4 b5 18. h4 Qb6 19. Qxb6 Nxb6 20. h5 Rc5 21. hxg6
fxg6 22. Rh6 Kg7 23. Rdh1 Rh8 24. f5 Bf7 25. Bd3 Nc4 26. Nd5 Bxd5 27. exd5 Ne5
28. fxg6 Nxd3 29. cxd3 Rxd5 30. Rxh7+ Rxh7 31. gxh7 Kh8 32. g6 Rg5 33. Rh6 a5
34. Kc2 d5 35. Kc3 e5 36. b4 a4 37. Kd2 Rg1 38. Ke3 Rg5 39. Kf3 Rg1 40. Ke3 Rg5
41. d4 e4 42. Kf4 Rg1 43. Rh5 Rxg6 44. Rxd5 Rb6 45. Kxe4 Re6+ 46. Re5 Re7 47.
d5 Rd7 48. Re6 Re7 49. Kf5 Rd7 50. d6 Rf7+ 51. Ke5 Rb7 52. Re7 Rb6 53. Re8+
Kxh7 54. d7 1-0

[Event "DVM U14 2018"]
[Site "Magdeburg GER"]
[Date "2018.12.28"]
[Round "3"]
[White "Straub, Benno"]
[Black "Wagner, Victoria"]
[Result "1/2-1/2"]
[Termination "normal"]
[Board "7.2"]
[WhiteElo "1560"]
[BlackElo "1777"]
[WhiteTeam "SK Freiburg-Zähringen"]
[BlackTeam "Erfurter SK"]
[PlyCount "56"]
[WhiteFideId "16255488"]
[BlackFideId "16232348"]
[EventCountry "GER"]
[EventRounds "7"]
[EventType "team-swiss"]
[EventDate "2018.12.26"]

1. e4 c5 2. c3 d6 3. d4 Nf6 4. Bb5+ Bd7 5. Bxd7+ Qxd7 6. f3 Nc6 7. Ne2 g6 8.
Be3 b6 9. Nd2 Bg7 10. O-O O-O 11. Nc4 Rab8 12. Qc2 Qc7 13. Rfd1 Rfc8 14. Rac1
Nd7 15. b3 Qb7 16. Qd2 Rd8 17. Bh6 Rbc8 18. Bxg7 Kxg7 19. Nf4 Nf6 20. d5 Nb8
21. Rb1 Qc7 22. a4 Nbd7 23. Nd3 Re8 24. Ra1 a6 25. Ne3 Ra8 26. c4 Qb7 27. Rab1
b5 28. b4 Reb8 1/2-1/2